| Поле | Название | Значение |
| |
Тип записи |
a |
| |
Библиографический уровень |
m |
| 001 |
Контрольный номер |
RU/IS/BASE/354277447 |
| 005 |
Дата корректировки |
20201206204603.6 |
| 010 |
Индекс ISBN |
__ |
| d |
Цена |
120-00 |
| 101 |
Язык документа |
__ |
| a |
Язык текста |
rus |
| c |
Язык оригинала |
rus |
| 200 |
Заглавие и сведения об ответственности |
__ |
| a |
Заглавие |
Товарные знаки и бренды |
| f |
Первые сведения об ответственности |
[Коник Н. В. и др.] |
| b |
Общее обозначение материала |
Текст |
| 210 |
Выходные данные |
__ |
| a |
Место издания |
М. |
| c |
Издательство |
Упр. персоналом |
| d |
Дата издания |
2006 |
| 215 |
Физическое описание |
__ |
| a |
Объем |
144 с. |
| 300 |
Общие примечания |
__ |
| a |
Общие примечания |
Дар |
| 320 |
Библиография |
__ |
| a |
Библиография |
Список исп. лит. : с. 143 |
| 330 |
Аннотация |
__ |
| a |
Аннотация |
Раскрыты теоретические и практические вопросы, такие как основные виды товарных знаков, их значение и основные функции, регистрация товарных знаков и их использование в деятельности организации. |
| 606 |
Тематические рубрики |
__ |
| a |
Основная рубрика |
Техника |
| 606 |
Тематические рубрики |
__ |
| a |
Основная рубрика |
Технический контроль производства |
| 610 |
Ключевые слова |
__ |
| a |
Ключевые слова |
товарные знаки; клейма; компетентные знаки; размерные знаки; эксплуатационные знаки; манипуляционные знаки; предупредительные знаки; экологические знаки |
| 686 |
Индексы других классификаций |
__ |
| a |
Классификационный индекс |
30.607 |
| 700 |
Автор |
__ |
| a |
Фамилия |
Коник |
| b |
Имя |
Н. В. |
| 4 |
Код отношения |
070 |
| 702 |
Вторичная интеллектуальная ответственность |
_1 |
| a |
Фамилия |
Малуев |
| b |
Имя |
П. А. |
| 4 |
Код отношения |
Автор |
| 702 |
Вторичная интеллектуальная ответственность |
_1 |
| a |
Фамилия |
Пешкова |
| b |
Имя |
Т. А. |
| 4 |
Код отношения |
Автор |
| 801 |
Источник записи |
_0 |
| a |
Страна |
RU |
| b |
Организация |
Муниципальное бюджетное учреждение культуры "Централизованная библиотечная система" г. Сургут (Центральная городская библиотека им. А. С. Пушкина) |
| g |
Правила каталогизации |
КиК/Елгина |
| 801 |
Источник записи |
_1 |
| a |
Страна |
RU |
| b |
Организация |
Муниципальное бюджетное учреждение культуры "Централизованная библиотечная система" г. Сургут (Центральная городская библиотека им. А. С. Пушкина) |
| g |
Правила каталогизации |
КиК/Елгина |
| 852 |
Данные о местонахождении |
__ |
| j |
Шифр хранения |
30.607 |
| c |
Каталожный индекс |
30.607 |
| i |
Авторский знак |
К 64 |
| 901 |
Тип документа |
__ |
| t |
Тип документа |
m |
| 903 |
Характеристики (МАРС) |
__ |
| a |
Дата передачи |
20080805 |
| 990 |
Данные о заказе (DOS) |
__ |
| j |
Количество экземпляров (DOS) |
1 |
| t |
N записи в КСУ для И/У (DOS) |
200808 |